01134pam a2200277 a 4500001000500000005001700005020001800022020001800040040002300058050001300081082001400094100001800108245007800126250004800204260003400252300005200286505000800338520019700346521002500543521002000568650006900588650007900657650004800736650003400784700003800818239720250812142125.0 a9780439472265 a9780590439688 aDLCcDLCdDLCbeng00aF379.N5900a370.193421 aColes, Robert14aThe story of Ruby Bridges /cby Robert Coles ; illustrated by George Ford aThis edition first printing, September 2010 aNew York :bScholastic,c1995 a26 unnumbered pagesbColor illustrationsc26 cm aR  aFor months six-year-old Ruby Bridges must confront the hostility of white parents when she becomes the first African American girl to integrate Frantz Elementary School in New Orleans in 1960. a730 bLexile AD  aR bRaz-Plus  0aSchool integrationzLouisianazNew OrleansvJuvenile literature. 0aAfrican AmericanszLouisianazNew OrleansvBiographyvJuvenile literature. 1aSchool integrationzLouisianazNew Orleans. 1aAfrican AmericansvBiography.1 aFord, Georged1936-eillustrator